Energías renovables para el desarrollo rural. /
Guardado en:
| Formato: | Libro |
|---|---|
| Idioma: | Spanish |
| Publicado: |
Buenos Aires :
INTA,
2009.
|
| Acceso en línea: | Texto completo |
| Etiquetas: |
Agregar Etiqueta
Sin Etiquetas, Sea el primero en etiquetar este registro!
|
| LEADER | 00619nam a22001455a 4500 | ||
|---|---|---|---|
| 001 | EEA.libagro008271 | ||
| 005 | 20161102120117.0 | ||
| 008 | 130809s2009####ag#a##########000#0#spa#d | ||
| 020 | |a 9789872505028 | ||
| 082 | 0 | 4 | |a 680 |
| 245 | 0 | 0 | |a Energías renovables para el desarrollo rural. / |c compilación: Centro de investigación y desarrollo tecnológico para la pequeña agricultura familiar (CIPAF). |
| 260 | |a Buenos Aires : |b INTA, |c 2009. | ||
| 300 | |a 198 p. : |b il. ; |c 27 cm. | ||
| 856 | |u http://inta.gob.ar/sites/default/files/script-tmp-energia%5Frenovable.pdf |3 Texto completo | ||
| 859 | |a AR-BbBCA |b BIB. AGRONOMIA |h 680 |i E56 |p 2009/5660 | ||
